東京都電車の路線名 - Statistics

General Stats
  • This quiz has been taken 76 times
  • The average score is 12 of 83
Answer Stats
% Correct
荒川線
68%
新宿線
66%
品川線
53%
三田線
50%
赤羽線
40%
池袋線
38%
上野線
38%
目黒線
32%
千住線
29%
大塚線
28%
早稲田線
28%
青山線
26%
巣鴨線
26%
荻窪線
25%
駒込線
25%
築地線
25%
五反田線
24%
板橋線
22%
丸の内線
22%
本郷線
21%
半蔵門線
19%
江戸川線
18%
六本木線
18%
砂町線
16%
九段線
15%
志村線
15%
向島線
15%
市ヶ谷線
13%
牛込線
13%
お茶の水線
13%
高円寺線
13%
水道橋線
13%
白山線
13%
蔵前線
12%
滝野川線
12%
月島線
12%
三河島線
12%
飛鳥山線
10%
小松川線
10%
信濃町線
10%
洲崎線
10%
中目黒線
10%
北千住線
9%
天現寺線
9%
広尾線
9%
淡路町線
7%
金杉線
7%
溜池線
7%
業平線
7%
八丁堀線
7%
本通線
7%
葛西橋線
6%
神田橋線
6%
護国寺線
6%
千束線
6%
番町線
6%
吾妻橋線
4%
音羽線
4%
勝鬨橋線
4%
猿江線
4%
新大橋線
4%
角筈線
4%
戸塚線
4%
虎の門線
4%
室町線
4%
伊皿子線
3%
石原線
3%
和泉橋線
3%
厩橋線
3%
霞町線
3%
切通線
3%
江東橋線
3%
高橋線
3%
千代田橋線
3%
動坂線
3%
土橋線
3%
富坂線
3%
札の辻線
3%
古川線
3%
蓬莱橋線
3%
三の輪線
3%
両国駅引込線
3%
両国橋線
3%
No matching quizzes found
Score Distribution
Percent of People with Each Score
Percentile by Number Answered
Your Score History
You have not taken this quiz